000 00780nam a2200181Ia 4500
008 151202s9999||||xx |||||||||||||| ||und||
082 _bPNVM-54908
100 _aगार्डनर अर्ल स्टेनले / अनु. हुद्दार मधुकर.
245 _aत्रैलोक्यसुंदरी.
260 _b---
260 _c0
300 _a0
600 _aगार्डनर अर्ल स्टेनले / अनु. हुद्दार मधुकर.
630 _aत्रैलोक्यसुंदरी.
700 _aगार्डनर अर्ल स्टेनले / अनु. हुद्दार मधुकर.
730 _aत्रैलोक्यसुंदरी.
942 _cBOOK
999 _c1321446
_d1321443